Periodic table 20-86 - Statistics

General Stats
  • This quiz has been taken 6 times
  • The average score is 22 of 53
Answer Stats
Hint Answer % Correct
Ca Calcium
100%
Ti Titanium
100%
Cu Copper
60%
Ga Gallium
60%
Au Gold
60%
Fe Iron
60%
Ni Nickel
60%
Pd Palladium
60%
W Tungsten
60%
V Vanadium
60%
Zn Zinc
60%
As Arsenic
40%
Ba Barium
40%
Bi Bismuth
40%
Br Bromine
40%
Cd Cadmium
40%
Cs Cesium
40%
Cr Chromium
40%
Co Cobalt
40%
Ge Germanium
40%
In Indium
40%
I Iodine
40%
Ir Iridium
40%
Kr Krypton
40%
Pb Lead
40%
Mn Manganese
40%
Hg Mercury
40%
Pt Platinum
40%
Po Polonium
40%
Rn Radon
40%
Rb Rubidium
40%
Sc Scandium
40%
Se Selenium
40%
Ag Silver
40%
Sr Strontium
40%
Tc Technetium
40%
Sn Tin
40%
Xe Xenon
40%
Y Yttrium
40%
Zr Zirconium
40%
Sb Antimony
20%
At Astatine
20%
Hf Hafnium
20%
La Lanthanum
20%
Mo Molybdenum
20%
Nb Niobium
20%
Os Osmium
20%
Re Rhenium
20%
Rh Rhodium
20%
Ru Ruthenium
20%
Ta Tantalum
20%
Te Tellurium
20%
Tl Thallium
20%
No matching quizzes found
Score Distribution
Percent of People with Each Score
Percentile by Number Answered
Your Score History
You have not taken this quiz